| 000 | 00933cab a2200169 4500 | ||
|---|---|---|---|
| 001 | ##L132850 | ||
| 008 | 060314n 000 0 eng u | ||
| 035 | _a(Sirsi) u132850 | ||
| 041 | 0 | _aeng | |
| 100 | 1 | _aSeitler, Jonathan | |
| 245 | 0 | 2 | _aA slip of a pen |
| 490 |
_aProperty Week _v71(10) 10 March 2006, 88-89(2) |
||
| 520 | _aA property professional being sued for professional negligence used to be rare. But today it is treated as much more of a thriving industry. Legal cases are founded on the business of accusing surveyors and property lawyers of being careless, which in term are defending by distinguished lawyers. The steps taken by landlords to ensure break notices are worded correctly and without errors may seem simple, but in the long run it may help avoid career damage and unforgiving law courts. | ||
| 590 | _aIKA140306 | ||
| 690 | _aMANAGEMENT-BUSINESS MANAGEMENT-PROFESSIONAL PRACTICE-NEGLIGENCE | ||
| 942 | _n0 | ||
| 999 |
_c76662 _d76662 |
||